Deutsche Städte, die auf -feld(e) enden - Statistiken

Allgemein
  • Dieses Quiz wurde 60 mal gespielt
  • Das Durchschnittsergebnis liegt bei 3 aus 8
Antwortstatistiken
BL Einwohner Stadt % Korrekt
NW 331.605 Bielefeld
92%
NW 231.406 Krefeld
70%
BB 29.514 Ludwigsfelde
23%
NW 59.975 Langenfeld (Rheinland)
21%
TH 29.086 Saalfeld
21%
NW 38.237 Coesfeld
13%
HE 30.846 Bad Hersfeld
11%
BY 21.403 Karlsfeld
8%
Keine übereinstimmenden Quizze gefunden
Verteilung der Resultate
Anzahl Personen mit jedem Resultat
Perzentil nach korrekt beantworteten Fragen
Ihre Resultats-Entwicklung
Sie haben dieses Quiz noch nicht gespielt